| 000 | 00652nam a2200253 a 4500 | ||
|---|---|---|---|
| 001 | nice12345678 | ||
| 003 | IN_TiNIC | ||
| 005 | 20260116014940.0 | ||
| 008 | 050524s1999 lona grp 000 0 eng | ||
| 020 |
_a0500505 _c670 |
||
| 082 | 0 | 0 |
_a291.211 _bTUR |
| 100 | _aTurner, Kay | ||
| 245 |
_aBeautiful Necessity _b the Art and Meaning of Women`s Altars. |
||
| 260 |
_aLondon _bThames and Hudson _c1999 |
||
| 300 | _a176p | ||
| 500 | _aincludes index and biblioraphy | ||
| 505 | 2 | _aIndex | |
| 650 | _aWomen and Religion | ||
| 650 | _aSymbols-Religions | ||
| 700 | 1 | _aTurner, Kay | |
| 902 | _bSRS | ||
| 942 | _cBK | ||
| 999 |
_c17672 _d17672 |
||